[Event "Sao Jose do Rio Preto 05th"]
[Site "Sao Jose de Rio Preto"]
[Date "2006.03.??"]
[Round "7"]
[White "Cubas, Jose Fernando"]
[Black "Di Berardino, Diego Rafael"]
[Result "1-0"]
[WhiteElo "2428"]
[BlackElo "2342"]
[PlyCount "53"]
[EventDate "2006.03.??"]
[EventType "tourn"]
[EventRounds "11"]
[EventCountry "BRA"]
[SourceTitle "EXT 2007"]
[Source "ChessBase"]
[SourceDate "2006.11.23"]
[SourceVersion "1"]
[SourceVersionDate "2006.11.23"]
[SourceQuality "1"]

1. e4 c5 2. Nf3 d6 3. d4 cxd4 4. Nxd4 Nf6 5. Nc3 a6 6. f4 e5 7. Nf3 Nbd7 8. a4
Be7 9. Bc4 O-O 10. O-O b6 11. Qe2 Bb7 12. Kh1 Qc7 13. fxe5 dxe5 14. Bg5 Nc5 15.
Bxf6 Bxf6 16. Nd5 Bxd5 17. Bxd5 Ra7 18. Rf2 Ne6 19. g3 Be7 20. c3 g6 21. Raf1
Kg7 22. Bxe6 fxe6 23. Ng5 Qc8 24. Rxf8 Bxf8 25. Qf3 Re7 26. Nf7 Kg8 27. Qf6 1-0

[Event "Sao Jose do Rio Preto 05th"]
[Site "Sao Jose de Rio Preto"]
[Date "2006.03.??"]
[Round "8"]
[White "Crosa Coll, Martin"]
[Black "Cubas, Jose Fernando"]
[Result "0-1"]
[WhiteElo "2449"]
[BlackElo "2428"]
[PlyCount "118"]
[EventDate "2006.03.??"]
[EventType "tourn"]
[EventRounds "11"]
[EventCountry "BRA"]
[SourceTitle "EXT 2007"]
[Source "ChessBase"]
[SourceDate "2006.11.23"]
[SourceVersion "1"]
[SourceVersionDate "2006.11.23"]
[SourceQuality "1"]

1. f4 d5 2. Nf3 g6 3. g3 Bg7 4. Bg2 Nf6 5. O-O O-O 6. d3 b6 7. c3 Bb7 8. Na3
Nbd7 9. Nc2 Qe8 10. Ne5 e6 11. a4 a5 12. Bd2 Qe7 13. Nxd7 Nxd7 14. Be3 Rab8 15.
Qd2 Rfe8 16. Rae1 c5 17. Bf2 f5 18. Na3 Nf6 19. c4 Rbd8 20. cxd5 exd5 21. h3 d4
22. Qc2 Bxg2 23. Kxg2 Qb7+ 24. Kh2 Nd5 25. Nc4 Kh8 26. Rg1 Re6 27. Rg2 Rde8 28.
Kg1 R8e7 29. Kf1 h6 30. Bg1 Nb4 31. Qd2 Qc6 32. Qd1 Qe8 33. Rf2 Qc6 34. Rg2 Kh7
35. Rf2 Qd5 36. Rg2 g5 37. Qd2 Kg6 38. Rf2 Rf7 39. Rf3 gxf4 40. Qxf4 Kh7 41.
Bf2 Qd7 42. Qd2 Qxa4 43. e4 dxe3 44. Rexe3 Qc6 45. Qe2 Rxe3 46. Qxe3 Rf8 47.
Qf4 Nd5 48. Qd6 Qxd6 49. Nxd6 Bxb2 50. Nc4 Bg7 51. Nxb6 Nxb6 52. Bxc5 Rb8 53.
Rxf5 Nd7 54. Ba3 Ne5 55. Bd6 Re8 56. Kg2 a4 57. Rf4 Ra8 58. d4 Nc4 59. Bb4 Ne3+
0-1

[Event "Sao Jose do Rio Preto 05th"]
[Site "Sao Jose de Rio Preto"]
[Date "2006.03.??"]
[Round "9"]
[White "Cubas, Jose Fernando"]
[Black "Borges, Leomar Barbero"]
[Result "1-0"]
[WhiteElo "2428"]
[BlackElo "2303"]
[PlyCount "53"]
[EventDate "2006.03.??"]
[EventType "tourn"]
[EventRounds "11"]
[EventCountry "BRA"]
[SourceTitle "EXT 2007"]
[Source "ChessBase"]
[SourceDate "2006.11.23"]
[SourceVersion "1"]
[SourceVersionDate "2006.11.23"]
[SourceQuality "1"]

1. e4 Nf6 2. e5 Nd5 3. d4 d6 4. c4 Nb6 5. exd6 cxd6 6. Nc3 g6 7. h3 Bg7 8. Nf3
O-O 9. Be3 Nc6 10. Rc1 d5 11. c5 Nc4 12. Bxc4 dxc4 13. O-O Bf5 14. Qa4 Na5 15.
Rfd1 b6 16. Ne5 Bxe5 17. dxe5 Qc7 18. Nd5 Qxe5 19. Bf4 Qxb2 20. Nxe7+ Kg7 21.
Bd2 f6 22. Bc3 Qe2 23. Nxf5+ gxf5 24. Rd7+ Kh8 25. Re1 Qh5 26. Ree7 Qg6 27. Qd1
1-0

[Event "Sao Jose do Rio Preto 05th"]
[Site "Sao Jose de Rio Preto"]
[Date "2006.03.??"]
[Round "10"]
[White "Santos, Marcus Vinicius M"]
[Black "Cubas, Jose Fernando"]
[Result "1-0"]
[WhiteElo "2346"]
[BlackElo "2428"]
[PlyCount "77"]
[EventDate "2006.03.??"]
[EventType "tourn"]
[EventRounds "11"]
[EventCountry "BRA"]
[SourceTitle "EXT 2007"]
[Source "ChessBase"]
[SourceDate "2006.11.23"]
[SourceVersion "1"]
[SourceVersionDate "2006.11.23"]
[SourceQuality "1"]

1. d4 d5 2. c4 Nc6 3. cxd5 Qxd5 4. e3 e5 5. Nc3 Bb4 6. Bd2 Bxc3 7. Bxc3 exd4 8.
Ne2 Nf6 9. Nxd4 O-O 10. Nb5 Qg5 11. Nxc7 Bg4 12. Qb3 Rad8 13. Qxb7 Rd6 14. h3
Bh5 15. Qb5 Qg6 16. g4 Qe4 17. Rg1 Bg6 18. Qc4 Qe7 19. Nb5 Re6 20. Be2 Ne4 21.
Nd4 Ne5 22. Qb5 Qh4 23. Rf1 Nxf2 24. Rxf2 Nd3+ 25. Bxd3 Rxe3+ 26. Be2 Rxh3 27.
Nf5 Rh1+ 28. Bf1 Qxg4 29. Ne7+ Kh8 30. Nxg6+ hxg6 31. Qe2 Qg5 32. Rh2+ Rxh2 33.
Qxh2+ Kg8 34. Rd1 Re8+ 35. Be2 Qf5 36. Kd2 Qd5+ 37. Bd3 Rd8 38. Kc2 Qf3 39. Qe5
1-0

[Event "Mar del Plata op 37th"]
[Site "Mar del Plata"]
[Date "2006.04.08"]
[Round "1"]
[White "Cubas, Jose Fernando"]
[Black "Sommariva, Rene"]
[Result "1-0"]
[WhiteElo "2425"]
[BlackElo "2058"]
[PlyCount "75"]
[EventDate "2006.04.08"]
[EventType "swiss"]
[EventRounds "9"]
[EventCountry "ARG"]
[SourceTitle "CBM 111 Extra"]
[Source "ChessBase"]
[SourceDate "2006.05.09"]
[SourceVersion "1"]
[SourceVersionDate "2006.05.09"]
[SourceQuality "1"]

1. e4 e5 2. Nf3 Nc6 3. Bc4 Nf6 4. d3 Bc5 5. c3 Bb6 6. Nbd2 d6 7. h3 a6 8. Bb3
h6 9. Nf1 Be6 10. Ng3 O-O 11. Bc2 d5 12. Qe2 d4 13. O-O Nh7 14. Kh1 Bc5 15. Nh2
Qh4 16. Nf5 Bxf5 17. exf5 Qe7 18. Bd2 Rfe8 19. Rfe1 Qf6 20. Qf3 Ng5 21. Qh5 Bf8
22. h4 Nh7 23. Bb3 Be7 24. Kg1 Rf8 25. g3 Qd6 26. Ng4 Nf6 27. Nxf6+ Qxf6 28.
Re4 Kh7 29. Kg2 dxc3 30. bxc3 Rad8 31. Bc2 b5 32. g4 b4 33. Bg5 Qd6 34. d4 Bxg5
35. hxg5 Qd5 36. f6 Rg8 37. Rh1 exd4 38. Qxh6+ 1-0

[Event "Mar del Plata op 37th"]
[Site "Mar del Plata"]
[Date "2006.04.09"]
[Round "2"]
[White "Saralegui, Luis Fernando"]
[Black "Cubas, Jose Fernando"]
[Result "0-1"]
[WhiteElo "2178"]
[BlackElo "2425"]
[PlyCount "64"]
[EventDate "2006.04.08"]
[EventType "swiss"]
[EventRounds "9"]
[EventCountry "ARG"]
[SourceTitle "CBM 111 Extra"]
[Source "ChessBase"]
[SourceDate "2006.05.09"]
[SourceVersion "1"]
[SourceVersionDate "2006.05.09"]
[SourceQuality "1"]

1. e4 d5 2. exd5 Nf6 3. Nf3 Qxd5 4. Be2 e5 5. d3 Nc6 6. O-O Be7 7. Nc3 Qd8 8.
a3 O-O 9. b4 Nd7 10. Bb2 a5 11. Nd5 Bd6 12. Qb1 Re8 13. Nd2 Nd4 14. Bd1 c6 15.
Ne3 Nf8 16. Nec4 Bc7 17. Nxa5 Ng6 18. Nac4 Nf4 19. Nf3 Qf6 20. Ne3 Nxg2 21.
Bxd4 Nh4 22. Nxe5 Rxe5 23. f4 Qg6+ 24. Kf2 Rxe3 25. Bxe3 Bxf4 26. Bxf4 Qg2+ 27.
Ke1 Bh3 28. Be2 Re8 29. Kd2 Rxe2+ 30. Kc3 Nf3 31. Qb3 Qg4 32. Qc4 b5 0-1

[Event "Mar del Plata op 37th"]
[Site "Mar del Plata"]
[Date "2006.04.09"]
[Round "3"]
[White "Cubas, Jose Fernando"]
[Black "Forestani, Andres Luis"]
[Result "1-0"]
[WhiteElo "2425"]
[BlackElo "2201"]
[PlyCount "43"]
[EventDate "2006.04.08"]
[EventType "swiss"]
[EventRounds "9"]
[EventCountry "ARG"]
[SourceTitle "CBM 111 Extra"]
[Source "ChessBase"]
[SourceDate "2006.05.09"]
[SourceVersion "1"]
[SourceVersionDate "2006.05.09"]
[SourceQuality "1"]

1. e4 d5 2. exd5 Nf6 3. d4 Qxd5 4. Nc3 Qd6 5. Nf3 Bg4 6. h3 Bxf3 7. Qxf3 c6 8.
Be3 e6 9. O-O-O Be7 10. Kb1 O-O 11. g4 Na6 12. g5 Nd5 13. Ne4 Qd8 14. Bc1 b5
15. h4 Nac7 16. c3 Nb6 17. Bd3 Ncd5 18. Rdg1 Nc4 19. h5 Kh8 20. Qh3 e5 21. g6
f5 22. h6 1-0

[Event "Mar del Plata op 37th"]
[Site "Mar del Plata"]
[Date "2006.04.11"]
[Round "5"]
[White "Rodriguez Vila, Andres"]
[Black "Cubas, Jose Fernando"]
[Result "1-0"]
[WhiteElo "2502"]
[BlackElo "2425"]
[PlyCount "31"]
[EventDate "2006.04.08"]
[EventType "swiss"]
[EventRounds "9"]
[EventCountry "ARG"]
[SourceTitle "CBM 111 Extra"]
[Source "ChessBase"]
[SourceDate "2006.05.09"]
[SourceVersion "1"]
[SourceVersionDate "2006.05.09"]
[SourceQuality "1"]

1. e4 e6 2. Qe2 e5 3. f4 exf4 4. d4 g5 5. h4 Bg7 6. hxg5 Nc6 7. c3 Qxg5 8. Nf3
Qg3+ 9. Kd1 d6 10. Na3 Bd7 11. Bd2 O-O-O 12. Rh4 Re8 13. b4 f5 14. Bxf4 Qg6 15.
b5 Nd8 16. e5 1-0

[Event "Mar del Plata op 37th"]
[Site "Mar del Plata"]
[Date "2006.04.13"]
[Round "7"]
[White "Restuccia, Francisco"]
[Black "Cubas, Jose Fernando"]
[Result "0-1"]
[WhiteElo "2221"]
[BlackElo "2425"]
[PlyCount "60"]
[EventDate "2006.04.08"]
[EventType "swiss"]
[EventRounds "9"]
[EventCountry "ARG"]
[SourceTitle "CBM 111 Extra"]
[Source "ChessBase"]
[SourceDate "2006.05.09"]
[SourceVersion "1"]
[SourceVersionDate "2006.05.09"]
[SourceQuality "1"]

1. e4 e6 2. d4 d5 3. Nc3 Nf6 4. Bg5 Be7 5. e5 Nfd7 6. Bxe7 Qxe7 7. f4 a6 8. Nf3
c5 9. dxc5 Nc6 10. Bd3 f6 11. exf6 Qxf6 12. Qd2 Nxc5 13. O-O O-O 14. g3 Bd7 15.
Rae1 Rae8 16. Ne5 Nxe5 17. Rxe5 Bc6 18. Rf2 Nd7 19. Re1 Qe7 20. Bf1 Qc5 21. Bh3
Nf6 22. Re5 Qb6 23. b3 Qa7 24. Qd3 Kh8 25. Ne2 Ne4 26. Qd4 Qxd4 27. Nxd4 Nxf2
28. Kxf2 g5 29. Ke3 gxf4+ 30. gxf4 Rf6 0-1

[Event "Mar del Plata op 37th"]
[Site "Mar del Plata"]
[Date "2006.04.14"]
[Round "8"]
[White "Cubas, Jose Fernando"]
[Black "Herrera, Martin"]
[Result "1-0"]
[WhiteElo "2425"]
[BlackElo "2197"]
[PlyCount "35"]
[EventDate "2006.04.08"]
[EventType "swiss"]
[EventRounds "9"]
[EventCountry "ARG"]
[SourceTitle "CBM 111 Extra"]
[Source "ChessBase"]
[SourceDate "2006.05.09"]
[SourceVersion "1"]
[SourceVersionDate "2006.05.09"]
[SourceQuality "1"]

1. e4 e5 2. Ne2 Nf6 3. f4 Bc5 4. fxe5 Nxe4 5. d4 Bb6 6. Be3 Nc6 7. Nd2 Nxd2 8.
Qxd2 d6 9. exd6 cxd6 10. O-O-O O-O 11. Nf4 Bf5 12. Bd3 Bxd3 13. Qxd3 d5 14. Qf5
Ne7 15. Qg5 Rc8 16. Kb1 Qd7 17. Nh5 Ng6 18. Qf6 1-0

[Event "Mario Covas 6th"]
[Site "Santos"]
[Date "2006.04.29"]
[Round "1"]
[White "Cubas, Jose Fernando"]
[Black "Rodriguez Vila, Andres"]
[Result "1-0"]
[WhiteElo "2425"]
[BlackElo "2502"]
[PlyCount "113"]
[EventDate "2006.04.29"]
[EventType "tourn"]
[EventRounds "9"]
[EventCountry "BRA"]
[EventCategory "9"]
[SourceTitle "CBM 112 Extra"]
[Source "ChessBase"]
[SourceDate "2006.07.14"]
[SourceVersion "1"]
[SourceVersionDate "2006.07.14"]
[SourceQuality "1"]

1. e4 e6 2. d4 d5 3. e5 c5 4. c3 Bd7 5. Nf3 Qb6 6. a3 Na6 7. b4 cxb4 8. cxb4
Rc8 9. Be2 Bb5 10. O-O Ne7 11. Bb2 Bxe2 12. Qxe2 Nf5 13. Nc3 Be7 14. Na4 Qd8
15. Rac1 O-O 16. Rxc8 Qxc8 17. b5 Nc7 18. Rc1 Qd7 19. Nc5 Bxc5 20. Rxc5 b6 21.
Rc1 Nxb5 22. a4 Nc7 23. Qc2 Na6 24. Ba3 Rd8 25. g4 Ne7 26. Ng5 Ng6 27. h4 h6
28. h5 Nf8 29. Nf3 Nh7 30. Bd6 f5 31. gxf5 Qf7 32. Qd3 Qxh5 33. fxe6 Ng5 34. e7
Re8 35. Rc3 Nh3+ 36. Kf1 Nf4 37. Qxa6 Qh1+ 38. Ng1 Qg2+ 39. Ke1 Qxg1+ 40. Qf1
Qg6 41. Kd2 Qe4 42. Qb5 Qxd4+ 43. Kc2 Qe4+ 44. Kb2 Qg6 45. Rf3 Ne6 46. Qxd5 Kh7
47. Rf8 Nxf8 48. exf8=Q Rxf8 49. Bxf8 Qf5 50. Bb4 Qxf2+ 51. Kb3 Qf5 52. Bc3 h5
53. Qd6 h4 54. e6 b5 55. e7 Qf7+ 56. Kb2 bxa4 57. Qe5 1-0

[Event "Mario Covas 6th"]
[Site "Santos"]
[Date "2006.04.30"]
[Round "2"]
[White "Fier, Alexandr"]
[Black "Cubas, Jose Fernando"]
[Result "1/2-1/2"]
[WhiteElo "2471"]
[BlackElo "2425"]
[PlyCount "84"]
[EventDate "2006.04.29"]
[EventType "tourn"]
[EventRounds "9"]
[EventCountry "BRA"]
[EventCategory "9"]
[SourceTitle "CBM 112 Extra"]
[Source "ChessBase"]
[SourceDate "2006.07.14"]
[SourceVersion "1"]
[SourceVersionDate "2006.07.14"]
[SourceQuality "1"]

1. e4 e6 2. d4 d5 3. Nc3 Nf6 4. Bg5 Bb4 5. e5 h6 6. Bd2 Bxc3 7. bxc3 Ne4 8. Qg4
g6 9. Bc1 c5 10. Bd3 Nxc3 11. dxc5 Qa5 12. Bd2 Qa4 13. Qf3 Ne4 14. Bxe4 dxe4
15. Qb3 Qa6 16. Ne2 Bd7 17. Rb1 Bc6 18. Nd4 Bd5 19. Qc3 Qxa2 20. O-O Qc4 21.
Qe3 a6 22. Rb4 Qxc5 23. c4 Bc6 24. Rbb1 Qxc4 25. Rb3 a5 26. Rc1 Qd5 27. Ne2 Na6
28. Nf4 Qd8 29. Bc3 Nc7 30. Rbb1 Nd5 31. Nxd5 Bxd5 32. Bd4 Qg5 33. Qe2 e3 34.
f4 Qxf4 35. Bxe3 Qe4 36. Qf2 O-O 37. Bxh6 Rfc8 38. Rf1 Qf5 39. Qg3 Qh5 40. Qf4
Qf5 41. Qg3 Qh5 42. Qf4 Qf5 1/2-1/2

[Event "Mario Covas 6th"]
[Site "Santos"]
[Date "2006.05.01"]
[Round "3"]
[White "Cubas, Jose Fernando"]
[Black "Zambrana, Oswaldo"]
[Result "1/2-1/2"]
[WhiteElo "2425"]
[BlackElo "2425"]
[PlyCount "96"]
[EventDate "2006.04.29"]
[EventType "tourn"]
[EventRounds "9"]
[EventCountry "BRA"]
[EventCategory "9"]
[SourceTitle "CBM 112 Extra"]
[Source "ChessBase"]
[SourceDate "2006.07.14"]
[SourceVersion "1"]
[SourceVersionDate "2006.07.14"]
[SourceQuality "1"]

1. e4 c5 2. Nf3 Nc6 3. d4 cxd4 4. Nxd4 Nf6 5. Nc3 e5 6. Ndb5 d6 7. Bg5 a6 8.
Na3 b5 9. Bxf6 gxf6 10. Nd5 f5 11. c3 Bg7 12. exf5 Bxf5 13. Nc2 Be6 14. g3 O-O
15. Bg2 a5 16. O-O f5 17. Qe2 Rb8 18. Rfd1 Ne7 19. Na3 Bd7 20. Qd3 Ng6 21. Ne3
Rf6 22. c4 e4 23. Qd5+ Kh8 24. Nxb5 Ne7 25. Qd2 Bxb5 26. cxb5 Rxb5 27. Bf1 Rb8
28. Nd5 Nxd5 29. Qxd5 Qb6 30. Rd2 e3 31. fxe3 Qxe3+ 32. Kh1 f4 33. Re2 Qb6 34.
gxf4 Rxf4 35. Rae1 Be5 36. Rg2 Rf2 37. b3 Rbf8 38. Bc4 Rxg2 39. Qxg2 Qf2 40.
Rg1 Qxg2+ 41. Kxg2 Rf4 42. a4 Rd4 43. Re1 Kg7 44. h3 Kf6 45. Rf1+ Kg6 46. Re1
h5 47. Re3 Kf5 48. Rd3 Ke4 1/2-1/2

[Event "Mario Covas 6th"]
[Site "Santos"]
[Date "2006.05.03"]
[Round "5"]
[White "Mekhitarian, Krikor Sevag"]
[Black "Cubas, Jose Fernando"]
[Result "1/2-1/2"]
[WhiteElo "2421"]
[BlackElo "2425"]
[PlyCount "71"]
[EventDate "2006.04.29"]
[EventType "tourn"]
[EventRounds "9"]
[EventCountry "BRA"]
[EventCategory "9"]
[SourceTitle "CBM 112 Extra"]
[Source "ChessBase"]
[SourceDate "2006.07.14"]
[SourceVersion "1"]
[SourceVersionDate "2006.07.14"]
[SourceQuality "1"]

1. e4 e6 2. d4 d5 3. Nc3 Nf6 4. Bg5 dxe4 5. Nxe4 Be7 6. Bxf6 gxf6 7. Nf3 a6 8.
Bd3 b5 9. Qe2 Bb7 10. O-O-O Bd5 11. Kb1 Nd7 12. Nc3 c6 13. Nxd5 cxd5 14. g4 Nb6
15. Nd2 Qc7 16. h4 Na4 17. Qe3 Rc8 18. Nb3 Nxb2 19. Kxb2 Qc3+ 20. Kb1 Ba3 21.
Bxb5+ axb5 22. Qxc3 Rxc3 23. Rd3 Rxd3 24. cxd3 h5 25. f3 Bd6 26. Kc2 Ke7 27.
Nc1 Rg8 28. Rg1 f5 29. g5 f6 30. Ne2 Ra8 31. Kb2 b4 32. Rg2 Rg8 33. Ng1 Ra8 34.
Ne2 Ra6 35. Nc1 Ra8 36. Ne2 1/2-1/2

[Event "Mario Covas 6th"]
[Site "Santos"]
[Date "2006.05.04"]
[Round "6"]
[White "Cubas, Jose Fernando"]
[Black "Coelho, Luis Henrique"]
[Result "0-1"]
[WhiteElo "2425"]
[BlackElo "2394"]
[PlyCount "70"]
[EventDate "2006.04.29"]
[EventType "tourn"]
[EventRounds "9"]
[EventCountry "BRA"]
[EventCategory "9"]
[SourceTitle "CBM 112 Extra"]
[Source "ChessBase"]
[SourceDate "2006.07.14"]
[SourceVersion "1"]
[SourceVersionDate "2006.07.14"]
[SourceQuality "1"]

1. e4 e6 2. d4 d5 3. e5 c5 4. c3 Nc6 5. Nf3 Qb6 6. a3 Nh6 7. b4 cxd4 8. cxd4
Nf5 9. Be3 Bd7 10. Bd3 Rc8 11. O-O Nxe3 12. fxe3 Be7 13. Ra2 Nd8 14. h4 Bb5 15.
g4 a5 16. bxa5 Qxa5 17. Qe1 Qa6 18. Bxb5+ Qxb5 19. g5 Qd3 20. Rd2 Qg6 21. Rg2
h6 22. Nc3 hxg5 23. e4 g4 24. Nb5 Rc2 25. Nd2 Rxh4 26. Nd6+ Kf8 27. Qb1 Rxd2
28. Rxd2 Qh6 29. Qd3 Rh1+ 30. Kf2 Qf4+ 31. Ke1 Bh4+ 32. Kd1 Rxf1+ 33. Kc2 Bg5
34. Re2 Qc1+ 35. Kb3 Rf3 0-1

[Event "Mario Covas 6th"]
[Site "Santos"]
[Date "2006.05.05"]
[Round "7"]
[White "Lafuente, Pablo"]
[Black "Cubas, Jose Fernando"]
[Result "1-0"]
[WhiteElo "2405"]
[BlackElo "2425"]
[PlyCount "153"]
[EventDate "2006.04.29"]
[EventType "tourn"]
[EventRounds "9"]
[EventCountry "BRA"]
[EventCategory "9"]
[SourceTitle "CBM 112 Extra"]
[Source "ChessBase"]
[SourceDate "2006.07.14"]
[SourceVersion "1"]
[SourceVersionDate "2006.07.14"]
[SourceQuality "1"]

1. d4 d5 2. c4 e6 3. Nf3 Nf6 4. g3 Bb4+ 5. Bd2 Be7 6. Bg2 O-O 7. O-O c6 8. Bf4
Nbd7 9. Nc3 dxc4 10. e4 a5 11. Re1 Re8 12. d5 Bb4 13. dxe6 fxe6 14. Qe2 b5 15.
Red1 Qb6 16. e5 Bxc3 17. bxc3 Nd5 18. Ng5 Nf8 19. Qh5 Re7 20. Rd4 Bd7 21. Bd2
Be8 22. Qh4 Raa7 23. Re1 Bg6 24. Ne4 c5 25. Rxd5 exd5 26. Nd6 Qc6 27. f4 Bd3
28. f5 b4 29. f6 gxf6 30. Qxf6 Re6 31. Qf3 Rae7 32. Bg5 Qxd6 33. Qg4 Kh8 34.
exd6 Rxe1+ 35. Bf1 Rxf1+ 36. Kg2 Re2+ 37. Kh3 Nd7 38. Bf4 Nf6 39. d7 Rxh2+ 40.
Kxh2 Nxg4+ 41. Kh3 Nf6 42. d8=Q+ Kg7 43. Be5 Be4 44. g4 h6 45. Qe7+ Kg6 46. Qf8
Nxg4 47. Qxf1 Nxe5 48. Qg1+ Kf5 49. Qf2+ Nf3 50. Qxc5 bxc3 51. Qf8+ Ke5 52.
Qg7+ Kf4 53. Qxc3 a4 54. Qc1+ Ke5 55. Kg3 h5 56. Qc3+ Kf5 57. a3 h4+ 58. Kh3
Kf4 59. Qc1+ Ke5 60. Qc3+ Kf5 61. Qc1 Bd3 62. Qd1 Kf4 63. Qc1+ Kf5 64. Qd1 Be2
65. Qxd5+ Kf4 66. Kg2 h3+ 67. Kf2 h2 68. Qf7+ Kg4 69. Qe6+ Kh5 70. Qh3+ Kg5 71.
Qg2+ Kf4 72. Kxe2 Nd4+ 73. Kd2 Nb5 74. Qxh2+ Ke4 75. Qh4+ Kd5 76. Qg5+ Kc6 77.
Qe7 1-0

[Event "Mario Covas 6th"]
[Site "Santos"]
[Date "2006.05.06"]
[Round "8"]
[White "Cubas, Jose Fernando"]
[Black "Matsuura, Everaldo"]
[Result "1/2-1/2"]
[WhiteElo "2425"]
[BlackElo "2473"]
[PlyCount "101"]
[EventDate "2006.04.29"]
[EventType "tourn"]
[EventRounds "9"]
[EventCountry "BRA"]
[EventCategory "9"]
[SourceTitle "CBM 112 Extra"]
[Source "ChessBase"]
[SourceDate "2006.07.14"]
[SourceVersion "1"]
[SourceVersionDate "2006.07.14"]
[SourceQuality "1"]

1. e4 c5 2. Nf3 Nc6 3. d4 cxd4 4. Nxd4 Nf6 5. Nc3 e5 6. Ndb5 d6 7. Bg5 a6 8.
Na3 b5 9. Bxf6 gxf6 10. Nd5 f5 11. c3 Bg7 12. exf5 Bxf5 13. Nc2 O-O 14. Nce3
Be6 15. g3 f5 16. Bg2 Rb8 17. O-O Qd7 18. Qh5 b4 19. g4 bxc3 20. bxc3 Rf7 21.
gxf5 Bxf5 22. Nxf5 Qxf5 23. Qh4 Bf8 24. Be4 Qe6 25. Kh1 Kh8 26. Rg1 Qh6 27. Qg4
Ne7 28. Nxe7 Bxe7 29. Rab1 Rbf8 30. Bd5 Rg7 31. Qxg7+ Qxg7 32. Rxg7 Kxg7 33.
Rb7 Kf6 34. Ra7 Rb8 35. Rxa6 Rb2 36. Kg2 Rc2 37. c4 Kf5 38. Kg3 e4 39. Ra7 Bf6
40. Bg8 Be5+ 41. Kg2 Bd4 42. Rf7+ Kg6 43. Rf4 Kg5 44. Rxe4 Bxf2 45. Kf3 Bc5 46.
Re2 Rxe2 47. Kxe2 h6 48. Kd3 Kf6 49. Ke4 Ke7 50. Kd5 Kd7 51. a4 1/2-1/2

[Event "Mario Covas 6th"]
[Site "Santos"]
[Date "2006.05.07"]
[Round "9"]
[White "Milos, Gilberto"]
[Black "Cubas, Jose Fernando"]
[Result "1-0"]
[WhiteElo "2589"]
[BlackElo "2425"]
[PlyCount "73"]
[EventDate "2006.04.29"]
[EventType "tourn"]
[EventRounds "9"]
[EventCountry "BRA"]
[EventCategory "9"]
[SourceTitle "CBM 112 Extra"]
[Source "ChessBase"]
[SourceDate "2006.07.14"]
[SourceVersion "1"]
[SourceVersionDate "2006.07.14"]
[SourceQuality "1"]

1. e4 e6 2. d4 d5 3. Nc3 Nf6 4. Bg5 dxe4 5. Nxe4 Be7 6. Bxf6 gxf6 7. Nf3 a6 8.
g3 b5 9. Bg2 Bb7 10. Qe2 Bd5 11. c3 Nd7 12. b3 f5 13. Ned2 Nf6 14. O-O Ne4 15.
c4 bxc4 16. bxc4 Bb7 17. d5 Bf6 18. Nxe4 fxe4 19. Qxe4 Bxa1 20. Rxa1 O-O 21.
Rb1 Rb8 22. Ne5 f6 23. Nc6 Bxc6 24. Qxe6+ Rf7 25. Rxb8 Qxb8 26. Qxc6 Qb1+ 27.
Bf1 Qxa2 28. c5 Qc2 29. Bxa6 Re7 30. Bc8 Qb1+ 31. Kg2 Qe4+ 32. Kh3 Re5 33. Be6+
Kf8 34. Bg4 Qxd5 35. Qxf6+ Kg8 36. c6 Re1 37. Bf5 1-0

[Event "Guarapuava"]
[Site "Guarapuava"]
[Date "2006.08.??"]
[Round "1"]
[White "Fier, Alexandr"]
[Black "Cubas, Jose Fernando"]
[Result "1-0"]
[WhiteElo "2459"]
[BlackElo "2421"]
[PlyCount "131"]
[EventDate "2006.08.??"]
[EventType "tourn"]
[EventRounds "9"]
[EventCountry "BRA"]
[SourceTitle "EXT 2007"]
[Source "ChessBase"]
[SourceDate "2006.11.23"]
[SourceVersion "1"]
[SourceVersionDate "2006.11.23"]
[SourceQuality "1"]

1. e4 e6 2. d4 d5 3. Nc3 Bb4 4. Nge2 dxe4 5. a3 Be7 6. Nxe4 Nf6 7. N2g3 O-O 8.
Bc4 Nc6 9. c3 e5 10. Nxf6+ Bxf6 11. d5 Ne7 12. O-O Ng6 13. Nh5 Bg5 14. f4 Nxf4
15. Nxf4 exf4 16. Bxf4 Bxf4 17. Rxf4 Qd6 18. Qd4 Bd7 19. Raf1 Rae8 20. Qf2 f5
21. Bd3 g5 22. Qg3 Kh8 23. Qxg5 Rg8 24. Qh4 Qxd5 25. Qf6+ Rg7 26. R1f3 Qc5+ 27.
Kf1 Rf8 28. Qd4 Qxd4 29. Rxd4 c5 30. Rdf4 Bc6 31. Rf2 Rd8 32. Bxf5 Rd1+ 33. Ke2
Rd8 34. Bc2 Bxg2 35. Rf8+ Rxf8 36. Rxf8+ Rg8 37. Rxg8+ Kxg8 38. Ke3 b6 39. Kf4
h6 40. Ke5 Kf7 41. Kd6 Kf6 42. Kc7 Ke5 43. Kb8 Kd6 44. Kxa7 Kc7 45. Bd3 Bb7 46.
Bf5 Bd5 47. Bg4 Be4 48. Be6 Bb7 49. c4 Bc6 50. Bd5 Bd7 51. b4 b5 52. cxb5 Bxb5
53. bxc5 Be2 54. Bb7 Bd3 55. h4 Bc2 56. c6 Bd3 57. Ba6 Bf5 58. Bb5 Bc8 59. a4
h5 60. Bd3 Kxc6 61. Kb8 Bg4 62. a5 Bf3 63. Bf1 Kd6 64. a6 Ke5 65. a7 Kd6 66.
Ba6 1-0

[Event "Guarapuava"]
[Site "Guarapuava"]
[Date "2006.08.??"]
[Round "2"]
[White "Cubas, Jose Fernando"]
[Black "Garcia Palermo, Carlos H"]
[Result "1-0"]
[WhiteElo "2421"]
[BlackElo "2445"]
[PlyCount "77"]
[EventDate "2006.08.??"]
[EventType "tourn"]
[EventRounds "9"]
[EventCountry "BRA"]
[SourceTitle "EXT 2007"]
[Source "ChessBase"]
[SourceDate "2006.11.23"]
[SourceVersion "1"]
[SourceVersionDate "2006.11.23"]
[SourceQuality "1"]

1. e4 e5 2. Ne2 Nc6 3. Nbc3 Bc5 4. g3 h5 5. h3 h4 6. g4 Qf6 7. f4 Nd4 8. Bg2
Nxe2 9. Nd5 Qd8 10. Qxe2 c6 11. Nc3 exf4 12. Qc4 d6 13. d4 f3 14. Bxf3 Qf6 15.
dxc5 Qxf3 16. Rf1 Qg3+ 17. Rf2 Be6 18. Qf1 Qe5 19. cxd6 Qxd6 20. Bf4 Qc5 21.
O-O-O Ne7 22. Kb1 Ng6 23. Bd6 Qc4 24. Qe1 O-O-O 25. Rfd2 f6 26. Rd4 Qa6 27. Qd2
b6 28. e5 Qb7 29. exf6 gxf6 30. Qd3 Rhg8 31. Ne4 c5 32. Bxc5 Rxd4 33. Bxd4 Qd5
34. Nc3 Qc6 35. Bxf6 Nf4 36. Qa6+ Qb7 37. Qf1 Nxh3 38. Nb5 Qh7 39. Qxh3 1-0

[Event "Guarapuava"]
[Site "Guarapuava"]
[Date "2006.08.??"]
[Round "3"]
[White "Giaccio, Alfredo Gustavo"]
[Black "Cubas, Jose Fernando"]
[Result "1-0"]
[WhiteElo "2465"]
[BlackElo "2421"]
[PlyCount "83"]
[EventDate "2006.08.??"]
[EventType "tourn"]
[EventRounds "9"]
[EventCountry "BRA"]
[SourceTitle "EXT 2007"]
[Source "ChessBase"]
[SourceDate "2006.11.23"]
[SourceVersion "1"]
[SourceVersionDate "2006.11.23"]
[SourceQuality "1"]

1. e4 e6 2. d4 d5 3. Nc3 Nf6 4. e5 Nfd7 5. f4 c5 6. Nf3 Nc6 7. Be3 a6 8. Qd2 b5
9. a3 g5 10. Ne2 gxf4 11. Bxf4 cxd4 12. Nexd4 Nxd4 13. Nxd4 Bg7 14. O-O-O Nxe5
15. Bxe5 Bxe5 16. Nc6 Qd6 17. Nxe5 Qxe5 18. Re1 Qd6 19. Qd4 O-O 20. Bd3 f6 21.
Qg4+ Kh8 22. Bxh7 Ra7 23. Bg6 f5 24. Qh4+ Kg8 25. Re3 Qd8 26. Qh5 f4 27. Re5
Rg7 28. Rg5 Rf6 29. Rf1 Qe7 30. Rf3 Rf5 31. Rh3 Kf8 32. Qh8+ Rg8 33. Qh6+ Rg7
34. Rg4 Qc5 35. Bxf5 Qg1+ 36. Kd2 Qf2+ 37. Kc3 Qc5+ 38. Kd3 Qc4+ 39. Kd2 Qd4+
40. Bd3 Qf2+ 41. Kc3 Qc5+ 42. Kb3 1-0